United Kingdom Country Quiz - Statistics

General Stats
  • This quiz has been taken 138,244 times
    136,991 since last reset
  • The average score is 19 of 24
Answer Stats
Hint Answer % Correct
Four countries which comprise the UK England
99%
Capitals of the above London
99%
Four countries which comprise the UK Scotland
99%
The only country that borders the UK (not including territories) Ireland
98%
Four countries which comprise the UK Wales
98%
Currency of the UK Pound Sterling
97%
Four countries which comprise the UK Northern Ireland
96%
Current monarch King Charles III
91%
Oldest university Oxford
91%
Capitals of the above Edinburgh
90%
Official London residence of the above Buckingham Palace
83%
Body of water separating France from Great Britain English Channel
82%
National anthem God Save the King
82%
Capitals of the above Belfast
81%
Capitals of the above Cardiff
81%
Busiest airport London Heathrow
81%
Country that is the source of the most foreign-born British residents India
78%
Current Prime Minister Keir Starmer
73%
The two houses of Parliament House of {Commons}
72%
The two houses of Parliament House of {Lords}
71%
Borough on the Prime Meridian home to the Royal Observatory Greenwich
59%
Tallest building The Shard
55%
Tallest mountain Ben Nevis
48%
Longest river River Severn
38%
No matching quizzes found
Score Distribution
Percent of People with Each Score
Percentile by Number Answered
Your Score History
You have not taken this quiz since the last reset